Short Stories and Selections for Use in the Secondary Schools (Record no. 236603)
[ view plain ]
| 000 -LEADER | |
|---|---|
| fixed length control field | 01913cam a22002653a 4500 |
| 001 - CONTROL NUMBER | |
| control field | 7283 |
| 003 - CONTROL NUMBER IDENTIFIER | |
| control field | PGUSA |
| 005 - DATE AND TIME OF LATEST TRANSACTION | |
| control field | 20140828083143.0 |
| 008 - FIXED-LENGTH DATA ELEMENTS--GENERAL INFORMATION | |
| fixed length control field | 050101s2005||||xxu|||||s|||||000 | eng d |
| 040 ## - CATALOGING SOURCE | |
| Original cataloging agency | PGUSA |
| Language of cataloging | eng |
| 042 ## - AUTHENTICATION CODE | |
| Authentication code | dc |
| 050 #4 - LIBRARY OF CONGRESS CALL NUMBER | |
| Classification number | PN |
| 245 10 - TITLE STATEMENT | |
| Title | Short Stories and Selections for Use in the Secondary Schools |
| Medium | [electronic resource] |
| 260 ## - PUBLICATION, DISTRIBUTION, ETC. (IMPRINT) | |
| Name of publisher, distributor, etc | Project Gutenberg, |
| Date of publication, distribution, etc | 2005 |
| 505 0# - FORMATTED CONTENTS NOTE | |
| Formatted contents note | A leaf in the storm -- Cats -- An adventure -- For those who love music -- Out of doors -- The taboo -- School days at the convent -- In Brittany -- The Adirondacks -- An ascent of Kilauea -- The fetish -- Salmon fishing in Ireland -- Across running water -- The pine-tree shillings -- The white trail -- A dissertation on roast pig -- The last class -- An Arab fisherman -- The archery contest -- Baby Sylvester -- The address at Gettysburg -- The second inaugural address -- An appreciation of Lincoln -- The elephants that struck -- The luck of Roaring Camp -- The story of Muhammad Din -- A child -- Too dear for the whistle -- Lodging for the night -- A bad five minutes in the Alps -- The gold trail -- Twenty years of Arctic struggle -- The speech in Manchester -- A green donkey driver -- A night in the pines -- Life in old New York -- The bazaar in Morocco -- A battle of the ants -- An African pet -- Animal intelligence -- Buck's trial of strength -- On the Solander whaling ground -- An episode of the French Revolution -- The commander of the faithful -- Walt Whitman -- Heroism in housekeeping -- A youthful actor -- War -- Coon-hunting -- Sight in savages -- The village schoolmaster. |
| 506 ## - RESTRICTIONS ON ACCESS NOTE | |
| Terms governing access | Public domain in the USA. |
| 516 ## - TYPE OF COMPUTER FILE OR DATA NOTE | |
| Type of computer file or data note | Electronic text |
| 653 ## - INDEX TERM--UNCONTROLLED | |
| Uncontrolled term | Short stories |
| 653 ## - INDEX TERM--UNCONTROLLED | |
| Uncontrolled term | Readers |
| 653 ## - INDEX TERM--UNCONTROLLED | |
| Uncontrolled term | English prose literature |
| 700 1# - ADDED ENTRY--PERSONAL NAME | |
| Personal name | Baker, Emilie Kip |
| 830 #0 - SERIES ADDED ENTRY--UNIFORM TITLE | |
| Uniform title | Project Gutenberg |
| Volume number/sequential designation | 7283 |
| 856 40 - ELECTRONIC LOCATION AND ACCESS | |
| Uniform Resource Identifier | <a href="http://www.gutenberg.org/ebooks/7283">http://www.gutenberg.org/ebooks/7283</a> |
| 942 ## - ADDED ENTRY ELEMENTS (KOHA) | |
| Koha item type | eBooks |
| Withdrawn status | Lost status | Damaged status | Home library | Current library | Date acquired | Total Checkouts | Date last seen | Price effective from | Koha item type |
|---|---|---|---|---|---|---|---|---|---|
| Project Gutenberg | Project Gutenberg | 08/28/2014 | 08/28/2014 | 08/28/2014 | eBooks |